States of Austria by Picture - Statistics

General Stats
  • This quiz has been taken 10 times
  • The average score is 5 of 9
Answer Stats
Picture Answer % Correct
Vienna
100%
Salzburg
63%
Tyrol
63%
Burgenland
50%
Carinthia
50%
Lower Austria
50%
Styria
50%
Vorarlberg
50%
Upper Austria
38%
No matching quizzes found
Score Distribution
Percent of People with Each Score
Percentile by Number Answered
Your Score History
You have not taken this quiz